各都道府県で人口が二番目に少ない市 - Statistics

General Stats
  • This quiz has been taken 32 times
  • The average score is 39 of 47
Answer Stats
Hint Answer % Correct
北海道 夕張市
93%
千葉県 鴨川市
89%
東京都 福生市
89%
神奈川県 三浦市
89%
山梨県 上野原市
89%
岐阜県 飛騨市
89%
鳥取県 倉吉市
89%
長崎県 壱岐市
89%
秋田県 仙北市
86%
茨城県 高萩市
86%
新潟県 胎内市
86%
富山県 滑川市
86%
石川県 羽咋市
86%
福井県 あわら市
86%
広島県 竹原市
86%
香川県 善通寺市
86%
高知県 土佐清水市
86%
佐賀県 嬉野市
86%
岩手県 八幡平市
82%
宮城県 白石市
82%
福島県 相馬市
82%
群馬県 富岡市
82%
静岡県 伊豆市
82%
大阪府 四條畷市
82%
兵庫県 相生市
82%
和歌山県 有田市
82%
島根県 大田市
82%
岡山県 新見市
82%
熊本県 上天草市
82%
大分県 竹田市
82%
宮崎県 えびの市
82%
沖縄県 石垣市
82%
青森県 つがる市
79%
山形県 村山市
79%
栃木県 矢板市
79%
愛知県 新城市
79%
三重県 尾鷲市
79%
滋賀県 高島市
79%
京都府 南丹市
79%
奈良県 五條市
79%
徳島県 美馬市
79%
愛媛県 東温市
79%
鹿児島県 西之表市
79%
長野県 大町市
75%
福岡県 宮若市
75%
山口県 柳井市
71%
埼玉県 白岡市
68%
No matching quizzes found
Score Distribution
Percent of People with Each Score
Percentile by Number Answered
Your Score History
You have not taken this quiz